| 000 | 00629nam a2200217Ia 4500 | ||
|---|---|---|---|
| 999 |
_c31590 _d31590 |
||
| 001 | 31471 | ||
| 003 | PK-LaUMT | ||
| 005 | 20220902154124.0 | ||
| 008 | 140416s9999 xx 000 0 und d | ||
| 020 | _a0-8213-6247-X | ||
| 040 | _cPK-LaUMT | ||
| 082 |
_aW 201.73 _bMAR-F |
||
| 100 | _aKeough, Lucy | ||
| 245 |
_aFinding global balance _bcommon ground between the worlds of development and faith _cKeough, Lucy<>Marshall, Katherine |
||
| 260 |
_aWashington,USA: _bWorld Bank, _c2005 |
||
| 300 | _a146 p. | ||
| 546 | _aEN | ||
| 650 | _aChurch and social problems | ||
| 700 | _aMarshall, Katherine | ||
| 942 |
_cWEEDED OUT _2ddc |
||